000 01567nam a2200217Ia 4500
003 Ost
005 20260507075636.0
008 260507s9999||||xx |||||||||||||| ||und||
040 _cfsecg
041 _aara
082 _a350.174
100 _aهيجنز، جيمس م
_eمؤلف
245 0 _a100 طريقة ابداعية لحل المشكلات الإدارية /
_c جيمس م هيجنز
260 _aالقاهرة:
_bمركز الخبرات المهنية للإدارة,
_c2001
300 _a283 صفحة؛
_bإيضاحات ؛
_c24 سم
490 _aسلسلة إصدارات بميك
_v16
520 _aالإبتكار والإبداع وتحديات العصر الجديد- مراحل عملية الإبتكار في حل المشكلات- الأساليب الإبتكارية لتحليل البيئة- الأساليب الإبتكارية للتعرف على المشكلات- الأساليب الإبتكارية لتحديد المشكلات- الأساليب الغبتكارية لوضع الإفتراضات- الأساليب الإبتكارية الفردية بدائل الحلول- الاساليب الإبتكارية الجماعية لتوليد الحلول- الأساليب الإبتكارية للإختيار من بين البدائل- الأساليب الإبتكارية لتطبيق الحلول- المرجع السريع لإستخدام الأساليب الإبتكارية
653 _aالمشكلات الإدارية
700 _a توفيق، عبد الرحمن
_eمؤلف ثانوي
942 _cكتاب
999 _c45298
_d45298